Central Library OPAC University of Rajshahi

লোক প্রশাসন পরিচিতি / (Record no. 40280)

MARC details
000 -LEADER
fixed length control field 00889nam a2200241 a 4500
001 - CONTROL NUMBER
control field 40280
003 - CONTROL NUMBER IDENTIFIER
rucl marc code BD-RjUL
005 - DATE AND TIME OF LATEST TRANSACTION
control field 20211209053201.0
008 - FIXED-LENGTH DATA ELEMENTS--GENERAL INFORMATION
fixed length control field 160427s1996 bg a|||| b||| 00| 0 ben d
020 ## - INTERNATIONAL STANDARD BOOK NUMBER
Terms of availability TK. 125.00
035 ## - SYSTEM CONTROL NUMBER
System control number (BD-RjUL) 40395
040 ## - CATALOGING SOURCE
Original cataloging agency BD-RjUL
Language of cataloging ben
Transcribing agency BD-RjUL
041 ## - LANGUAGE CODE
Language code of text/sound track or separate title ben
082 ## - DEWEY DECIMAL CLASSIFICATION NUMBER
Edition number 23
Classification number 350
Author mark and year AHL 1996
100 ## - MAIN ENTRY--PERSONAL NAME
Personal name আহমেদ, কফিল উদ্দিন
9 (RLIN) 119955
245 10 - TITLE STATEMENT
Title লোক প্রশাসন পরিচিতি /
Statement of responsibility, etc. কফিল উদ্দিন আহমেদ
260 ## - PUBLICATION, DISTRIBUTION, ETC. (IMPRINT)
Place of publication, distribution, etc. রাজশাহী :
Name of publisher, distributor, etc. রেহেনা আহমেদ,
Date of publication, distribution, etc. ১৯৯৬
300 ## - PHYSICAL DESCRIPTION
Pagination ১৭৬ পৃ. :
Illustrations চিত্র ;
Size ১৯ সেমি.
504 ## - BIBLIOGRAPHY, ETC. NOTE
Bibliography, etc গ্রন্থপঞ্জি সংযুক্ত
650 ## - SUBJECT ADDED ENTRY--TOPICAL TERM
Topical term or geographic name as entry element লোক প্রশাসন
9 (RLIN) 124111
Topical term or geographic name as entry element Public Administration
9 (RLIN) 117250
942 ## - ADDED ENTRY ELEMENTS (KOHA)
Source of classification or shelving scheme Dewey Decimal Classification
Koha item type Books
Holdings
Lost status Source of classification or shelving scheme Damaged status Not for loan Collection code Permanent Location Current Location Shelving location Date acquired Source of acquisition Cost, normal purchase price Total Checkouts Full call number Date last seen Copy number Koha item type Date checked out
  Dewey Decimal Classification   Not For Loan Non-fiction Central Library, University of Rajshahi Central Library, University of Rajshahi Reading Room 17/12/1997 Writer, RU 125.00   B 350 AHL 1996 27/04/2016 C-2 Books  
  Dewey Decimal Classification     Non-fiction Central Library, University of Rajshahi Central Library, University of Rajshahi   17/12/1997 Writer, RU 125.00 3 B 350 AHL 1996 09/11/2022 C-3 Books 25/10/2022
  Dewey Decimal Classification     Non-fiction Central Library, University of Rajshahi Central Library, University of Rajshahi   17/12/1997 Writer, RU 125.00   B 350 AHL 1996 20/07/2016 C-4 Books  
  Dewey Decimal Classification     Non-fiction Central Library, University of Rajshahi Central Library, University of Rajshahi   17/12/1997 Writer, RU 125.00 2 B 350 AHL 1996 18/07/2019 C-5 Books 10/07/2019